[Event "V4 IM/WGM tournament Liptov 2011"]
[Site "Liptovsky Mikulas SVK"]
[Date "2011.06.26"]
[Round "6"]
[White "Motycakova,M"]
[Black "Jacko,V2"]
[Result "0-1"]
[WhiteElo "2107"]
[BlackElo "2156"]

1.e4 c5 2.Nf3 Nc6 3.Bb5 g6 4.O-O Bg7 5.Re1 d6 6.c3 a6 7.Bxc6+ bxc6 8.h3 Nh6
9.d4 cxd4 10.cxd4 O-O 11.Nc3 Rb8 12.Qc2 f6 13.b3 Bd7 14.Bb2 Nf7 15.Rad1 Qa5
16.Qd3 Rfe8 17.Nd2 f5 18.Nc4 Qc7 19.e5 dxe5 20.dxe5 Be6 21.Na4 Rb5 22.f4 g5
23.fxg5 Rd8 24.Qe2 Rbd5 25.Ne3 Qa7 26.Kh1 Rxd1 27.Rxd1 Rxd1+ 28.Nxd1 Nxg5
29.Nf2 Bd5 30.h4 Ne6 31.Nd3 f4 32.Bc1 f3 33.gxf3 Qd4 34.Be3 Qg4 35.Qf2 Qh3+
36.Kg1 Bxf3 37.Qh2 Qg4+ 38.Kf2 Be4 39.Ne1 Qf5+ 40.Ke2 Bxe5 41.Qf2 Nf4+ 42.Kd1 Qg4+
43.Kc1 Nd5 44.Bg5 Bf5  0-1

[Event "6th Dvorkovich Cup"]
[Site "Moscow RUS"]
[Date "2011.06.26"]
[Round "2.13"]
[White "Antipov,M2"]
[Black "Bernadskiy,V"]
[Result "1/2-1/2"]
[WhiteElo "2378"]
[BlackElo "2435"]

1.e4 c5 2.Nf3 Nc6 3.Bb5 Qb6 4.Nc3 e6 5.O-O Nge7 6.Re1 a6 7.Bf1 Ng6 8.b3 Be7
9.Bb2 O-O 10.Na4 Qc7 11.c4 d6 12.d4 cxd4 13.Nxd4 Bd7 14.Nc3 Bf6 15.Nxc6 bxc6
16.c5 d5 17.Na4 Bxb2 18.Nxb2 Rad8 19.b4 Bc8 20.Qa4 Qe5 21.Rab1 Qg5 22.Re3 Ne5
23.Rg3 Qf4 24.exd5 Rxd5 25.Nd3 Nxd3 26.Rxd3 Rxc5 27.g3 Qe4 28.f3 Qc4 29.Rd2 Qc3
30.bxc5 Qxd2 31.Qxc6 Qd4+ 32.Kh1 Qf2 33.a4 e5 34.Bg2 Bf5 35.Rf1 Qe2 36.Qd6 e4
37.Qf4 Bd7 38.Qxe4 Qxe4 39.fxe4 Bxa4 40.e5 Rc8 41.Bd5 Bc6 42.Bxc6 Rxc6 43.Rc1 Kf8
44.Kg2 Ke7 45.Kf3 Ke6 46.Ke4 a5 47.Kd4 a4 48.Ra1 Ra6 49.Kc4 a3 50.Kb5 Ra8
51.c6 a2 52.Kb6 Rb8+ 53.Kc7 Rb2 54.h4 Ke7 55.Kc8 h5 56.Kc7 Ke6 57.Kd8 Rd2+
58.Kc8 Ke7 59.Kb7 Rb2+ 60.Kc7 Rc2 61.Kb7 Rb2+ 62.Kc7 g6 63.Kc8 Ke6 64.Kd8 Rd2+
65.Kc8 Rc2 66.Kb7 Rb2+ 67.Kc8 Ke7 68.Kc7 Rc2 69.Kb7 Rb2+ 70.Kc7 Rc2 71.Kb7 Rb2+
72.Kc7 Ke6 73.Kd8 Rd2+ 74.Kc8 Ke7 75.Kb7 Rb2+ 76.Kc8 Rc2 77.Kb7 Rb2+ 78.Kc8 Ke6
79.Kd8 Rd2+ 80.Kc8 Ke7 81.Kb7 Rb2+ 82.Kc7  1/2-1/2

[Event "TCh-SUI 2011"]
[Site "Switzerland SUI"]
[Date "2011.06.26"]
[Round "5.6"]
[White "Drabke,L"]
[Black "Riff,V"]
[Result "1-0"]
[WhiteElo "2454"]
[BlackElo "2385"]

1.e4 c5 2.Nf3 Nc6 3.Bb5 d6 4.O-O Bd7 5.Re1 Nf6 6.h3 g6 7.c3 Ne5 8.Bf1 Nxf3+
9.Qxf3 Bc6 10.d4 Bg7 11.d5 Bd7 12.Bf4 O-O 13.Nd2 Ne8 14.e5 dxe5 15.Bxe5 Nd6
16.Bxg7 Kxg7 17.Qe3 b6 18.Qe5+ Kg8 19.Qxe7 Qxe7 20.Rxe7 Rfd8 21.Rae1 Kf8
22.R7e5 Re8 23.f4 Rad8 24.Kf2 f6 25.Rxe8+ Bxe8 26.Bd3 Bf7 27.c4 Be8 28.g4 Bf7
29.h4 Rd7 30.g5 f5 31.Nf3 b5 32.Ne5 Rb7 33.b3 bxc4 34.bxc4 Be8 35.Rb1 Rb6
36.Rb3 Ke7 37.Ra3 a6 38.Ke3 Nb7 39.h5 a5 40.Rb3 Rb4 41.Rc3 Nd6 42.hxg6 hxg6
43.Bc2 Kf8 44.Kd2 Kg7 45.a3 Rb7 46.Re3 Kf8 47.Rh3 Kg8 48.Kc3 Kg7 49.Re3 Rc7
50.Re1 Re7 51.Rb1 Rb7 52.Rxb7+ Nxb7 53.Nd3 Kf7 54.Nb2 Ke7 55.Ba4 Bf7 56.Nd3 Kd6
57.Bc6 Nd8 58.Ne5 Kc7 59.Bb5 Kb6 60.Nd7+  1-0

[Event "TCh-SUI 2011"]
[Site "Switzerland SUI"]
[Date "2011.06.26"]
[Round "5.4"]
[White "Flueckiger,C"]
[Black "Miralles,G"]
[Result "1/2-1/2"]
[WhiteElo "2349"]
[BlackElo "2462"]

1.e4 c5 2.Nf3 Nc6 3.Bb5 d6 4.O-O Bd7 5.Re1 a6 6.Bxc6 Bxc6 7.d4 cxd4 8.Qxd4 Nf6
9.Bg5 Nd7 10.e5 Bxf3 11.exd6 Qa5 12.Bd2 Qd5 13.Qe3 e6 14.Nc3 Qh5 15.Qxf3 Qxf3
16.gxf3 Bxd6 17.Rad1 Ne5 18.Kg2 Ng6 19.Ne4 Be7 20.Bc3 Nh4+ 21.Kh1 Rg8  1/2-1/2

[Event "7th A Ermaka Memorial"]
[Site "Zaporizhzhia UKR"]
[Date "2011.06.26"]
[Round "3.17"]
[White "Derevianchenko,I"]
[Black "Dudrova,Anastasia"]
[Result "1-0"]
[WhiteElo "2232"]
[BlackElo "2016"]

1.e4 c5 2.Nf3 Nc6 3.Bb5 g6 4.O-O Bg7 5.c3 Nf6 6.Re1 O-O 7.h3 d6 8.d4 cxd4
9.cxd4 d5 10.e5 Ne4 11.Nc3 Nxc3 12.bxc3 Bd7 13.Ba3 Re8 14.Rb1 h6 15.Bd3 Qc8
16.Qb3 Na5 17.Qxd5 Qxc3 18.Qxd7 Qxa3 19.Be4 Red8 20.Qg4 e6 21.Bxg6 fxg6 22.Qxe6+ Kh7
23.Nh4 Qd3 24.Rbd1 Qc2 25.Rc1 Qd3 26.Rc7 Rg8 27.d5 Rae8 28.Qf6 Ref8 29.Rxg7+ Rxg7
30.Qxf8 Qxd5 31.Qf6 Nc6 32.Nf3 Rf7 33.Qh4 Kg7 34.Qg3 Re7 35.Nh4 Qe6 36.f4 Nd4
37.Qf2 Qd5 38.Rd1  1-0

[Event "6th Dvorkovich Cup"]
[Site "Moscow RUS"]
[Date "2011.06.27"]
[Round "3.5"]
[White "Lu Shanglei"]
[Black "Bernadskiy,V"]
[Result "1-0"]
[WhiteElo "2473"]
[BlackElo "2435"]

1.e4 c5 2.Nf3 Nc6 3.Bb5 Qb6 4.Nc3 e6 5.O-O Nge7 6.Re1 a6 7.Bf1 Ng6 8.h4 h5
9.d3 Bd6 10.Rb1 Qc7 11.g3 b5 12.Bg2 Bb7 13.a4 b4 14.Ne2 f6 15.c3 Rc8 16.Be3 Kf7
17.d4 cxd4 18.cxd4 Na5 19.Rc1 Qb8 20.e5 Be7 21.Rxc8 Qxc8 22.Nf4 Nxf4 23.Bxf4 Bd5
24.exf6 gxf6 25.Nd2 Bxg2 26.Kxg2 Qc6+ 27.Kh2 Qd5 28.Nf3 Nc4 29.b3 Nd6 30.Ne5+ fxe5
31.Rxe5 Qa8 32.Rxh5 Nf5 33.d5 Bf6 34.dxe6+ dxe6 35.Qd7+ Ne7 36.Rxh8 Qxh8
37.Qd6 a5 38.Qc7 Qh5 39.Bd6 Qf3 40.Bc5 Qd5 41.Qxa5 Nc6 42.Qc7+ Kg6 43.Be3 Ne5
44.h5+ Kf5 45.Qc2+ Kg4 46.Qe2+ Nf3+ 47.Kg2 e5 48.h6 e4 49.Qf1 Kf5 50.Qh1 Kg6
51.h7 Qe5 52.a5 Qc3 53.Qh6+ Kf7 54.Qh5+ Ke6 55.Qe8+ Kf5 56.g4+ Kxg4 57.Qxe4+ Kh5
58.h8=Q+ Bxh8 59.Qh7+ Kg4 60.Qh3+  1-0

[Event "TCh-TUR 2011"]
[Site "Konya TUR"]
[Date "2011.06.28"]
[Round "1"]
[White "Coban,Met"]
[Black "Asikuzun,B"]
[Result "1/2-1/2"]
[WhiteElo "1922"]
[BlackElo "1842"]

1.e4 c5 2.Nf3 Nc6 3.Bb5 Nb8 4.Bf1 Nc6 5.Bb5 e6 6.Bxc6 bxc6 7.e5 Ne7 8.O-O Ng6
9.b3 d5 10.d3 Be7 11.Bb2 Rb8 12.Nbd2 O-O 13.g3 Qc7 14.Qe2 f6 15.Rae1 f5 16.h4 f4
17.h5 Nh8 18.Nh2 Rf5 19.Bc1 g5 20.Ndf3 Bd7 21.Ng4 Nf7 22.d4 Kh8 23.Ba3 Qa5
24.Bxc5 Bxc5 25.dxc5 fxg3 26.fxg3 Rb4 27.Ne3 Re4 28.Qf2 Nxe5 29.Nxf5 Nxf3+
30.Qxf3 Rxe1 31.Ne3 Rxf1+ 32.Qxf1 Kg7 33.h6+ Kg6 34.Qf8 Qe1+ 35.Nf1 Qe5 36.Qe7 Qd4+
37.Kg2 Qe4+ 38.Kg1 Qd4+ 39.Kg2 Qe4+ 40.Kg1 Qd4+ 41.Kg2 Qe5 42.Kg1 Qd4+ 43.Kg2 Qe4+
44.Kg1 Qd4+ 45.Kg2 Qe4+ 46.Kg1 Qd4+ 47.Kg2  1/2-1/2

[Event "7th A Ermaka Memorial"]
[Site "Zaporizhzhia UKR"]
[Date "2011.06.28"]
[Round "5.26"]
[White "Onokienko,Olexandra"]
[Black "Rakhmanin,Y"]
[Result "0-1"]
[WhiteElo "1830"]
[BlackElo "2160"]

1.e4 c5 2.Nf3 Nc6 3.Bb5 g6 4.O-O Bg7 5.Bxc6 dxc6 6.d3 Nf6 7.Nbd2 O-O 8.Nc4 Be6
9.Ne3 h6 10.Qe2 Qc7 11.c3 Rad8 12.Nc2 b5 13.Be3 c4 14.d4 Nxe4 15.Ne5 Nf6
16.Nb4 Bd5 17.Na6 Qc8 18.Nc5 Ne4 19.Nxe4 Bxe4 20.Bxh6 Bxg2 21.Kxg2 Bxh6 22.Kh1 c5
23.Qe4 Qe6 24.dxc5 Rd5 25.Rfe1 Bg7 26.f4 Bxe5 27.fxe5 Rxc5 28.Rad1 Kg7 29.Re2 Rfc8
30.Qb7 Qc6+ 31.Qxc6 R8xc6 32.Rd7 Rc7 33.Rd1 R5c6 34.Rd5 a6 35.a4 Rc5 36.Rxc5 Rxc5
37.axb5 axb5 38.Kg2 g5 39.Kg3 Kg6 40.Kg4 Rd5 41.h3 Rd1  0-1

[Event "TCh-TUR 2011"]
[Site "Konya TUR"]
[Date "2011.06.29"]
[Round "2"]
[White "Ciloglu,D"]
[Black "Ergene,Mertcan"]
[Result "1-0"]
[WhiteElo "1770"]
[BlackElo "1731"]

1.e4 c5 2.Nf3 Nc6 3.Bb5 g6 4.Bxc6 dxc6 5.d3 Bg7 6.Nc3 Nf6 7.h3 Nd7 8.Be3 e5
9.O-O Qe7 10.Qd2 h6 11.a3 Nf8 12.b4 Ne6 13.Rfb1 g5 14.Na4 b6 15.bxc5 b5 16.Nc3 Nf4
17.a4 g4 18.hxg4 Bxg4 19.Nh2 Qg5 20.Nxg4 Qxg4 21.f3 Qg3 22.axb5 Bf6 23.Bxf4 exf4
24.d4 Rg8 25.e5 Bh4 26.Qe2 Qg6 27.Ne4 Bg3 28.b6 Ke7 29.bxa7 Qh5 30.Nxg3 fxg3
31.Qe3 Qh2+ 32.Kf1 Qh1+ 33.Qg1 Qh4 34.Rb7+ Ke6 35.Rab1 Qf4 36.Ke1 Rgd8 37.c3 f6
38.exf6 Kxf6 39.Kd1 Re8 40.R1b2 Re3 41.Rd2 Rxc3 42.Qf1 Qe3 43.Rc7 Ra3 44.Qc4 Re8
45.Qf7+ Kg5 46.Qg7+ Kf5 47.Qf7+ Kg5 48.Qg7+ Kf5 49.Rf7+ Ke6 50.Rf6+ Kd5 51.Qf7+ Re6
52.Qd7+ Kc4 53.Qxe6+ Qxe6 54.Rxe6 Kd5  1-0

[Event "TCh-TUR 2011"]
[Site "Konya TUR"]
[Date "2011.06.29"]
[Round "2"]
[White "Paichadze,L"]
[Black "Mirzoev,A"]
[Result "1-0"]
[WhiteElo "2489"]
[BlackElo "2481"]

1.e4 c5 2.Nf3 Nc6 3.Bb5 g6 4.O-O Bg7 5.Bxc6 dxc6 6.d3 Bg4 7.Nbd2 Nf6 8.h3 Bxf3
9.Nxf3 O-O 10.Be3 Nd7 11.Qc1 e5 12.Bh6 Qe7 13.Nh2 Rae8 14.Ng4 f5 15.exf5 gxf5
16.Nh2 Kh8 17.Bxg7+ Qxg7 18.Qd2 Rg8 19.f4 exf4 20.Rxf4 Qxb2 21.Raf1 Qe5 22.Rxf5 Qe3+
23.Qxe3 Rxe3 24.Ng4 Re6 25.R1f4 Rg7 26.Kf2 b5 27.Re4 Rxe4 28.dxe4 Re7 29.Ke3 a5
30.Nf6 c4 31.Nxd7 Rxd7 32.Rc5 Rd1 33.a4 Rc1 34.Kd2 Rg1 35.axb5 Rxg2+ 36.Kc3 cxb5
37.Rxb5 Re2 38.e5 a4 39.Ra5 Kg7 40.Rxa4 Rxe5 41.h4 Re3+ 42.Kxc4 h5 43.Kb5 Rc3
44.Rc4 Rh3 45.Rf4 Rc3 46.Rf2 Rh3 47.c4 Rxh4 48.c5 Re4 49.c6 Re8 50.Rf5 Kg6
51.Rd5 h4 52.c7 Rc8 53.Kb6 h3 54.Kb7 Rxc7+ 55.Kxc7 h2 56.Rd1  1-0

[Event "TCh-TUR 2011"]
[Site "Konya TUR"]
[Date "2011.06.29"]
[Round "2"]
[White "Birgelir,Melisa"]
[Black "Abdimanoglu,B"]
[Result "0-1"]
[WhiteElo "1735"]
[BlackElo "1751"]

1.e4 c5 2.Nf3 Nc6 3.Bb5 d6 4.d4 cxd4 5.Nxd4 Bd7 6.Nxc6 bxc6 7.Bd3 g6 8.Be3 Bg7
9.c3 Nf6 10.Nd2 Ng4 11.Qe2 Rb8 12.Rb1 Qc7 13.f3 Nxe3 14.Qxe3 Be6 15.Bc4 Bxc4
16.Nxc4 d5 17.Nd2 O-O 18.O-O Qa5 19.a3 d4 20.cxd4 Rfd8 21.e5 Qd5 22.Rfe1 c5
23.Qe4 cxd4 24.Qxd5 Rxd5 25.f4 g5 26.g3 gxf4 27.gxf4 Bh6 28.Re4 Rc8 29.b3 Rc2
30.Nc4 d3 31.Ne3 d2 32.Nxc2 d1=Q+ 33.Rxd1 Rxd1+ 34.Re1 Rd2 35.Na1 Bxf4 36.h3 Bg3
37.Re4 Rd1+ 38.Kg2 Rxa1 39.Kxg3 Rxa3 40.Re3 Kf8 41.Kf4 Ke8 42.Kf5 Ra5 43.Kf4 Kd7
44.Rc3 Rb5 45.Rd3+ Ke6 46.Re3 h6 47.h4 Rb4+ 48.Kg3 Rd4 49.Rf3 Re4 50.Rc3 Kxe5
51.Rc7 Kf6 52.Rxa7 Re3+ 53.Kf4 Rxb3 54.Ra5 Rb4+ 55.Kg3 Re4 56.Rh5 Kg6 57.Rc5 e5
58.Rc1 Kf5 59.Rf1+ Rf4 60.Re1 e4 61.Re3 Rf3+ 62.Rxf3+ exf3 63.Kxf3 h5 64.Kg3 Ke4
65.Kg2 f5 66.Kg3 Ke3 67.Kg2 f4  0-1

[Event "2nd Big Slick IM"]
[Site "London ENG"]
[Date "2011.06.29"]
[Round "5"]
[White "Makepeace,P"]
[Black "Hegarty,S"]
[Result "1-0"]
[WhiteElo "2095"]
[BlackElo "2108"]

1.e4 c5 2.Nf3 Nc6 3.Bb5 g6 4.Bxc6 dxc6 5.d3 Nf6 6.h3 Nd7 7.e5 Bg7 8.Qe2 e6
9.Bf4 Nb6 10.c4 Nd7 11.Nbd2 f6 12.exf6 Nxf6 13.Qe3 O-O 14.Bg5 Qb6 15.Nb3 Qb4+
16.Kf1 b6 17.Ne5 Qa4 18.Bxf6 Rxf6 19.Qe4 Bb7 20.Ng4 Rf7 21.Qxe6 Rf8 22.f3 Bc8
23.Qe2 Bf5 24.Nf2 Rd8 25.Nc1 Qb4 26.Rb1 Bf6 27.Qe1 Qa4 28.b3 Qa6 29.g4 Bc8
30.Kg2 Bh4 31.Qe3 Rdf8 32.Ne4 Rxf3 33.Qxf3 Rxf3 34.Kxf3 Be6 35.Rb2 Qc8 36.Rg2 Kh8
37.Ne2 Qd8 38.Rd1 Qf8+ 39.Ke3 Be7 40.Nf4 Bd7 41.Rf2 Qg7 42.d4 cxd4+ 43.Rxd4 Be8
44.Kd3 c5 45.Rd5 Bc6 46.Ne6 Qg8 47.N4g5 Bxg5 48.Rf8 Qxf8 49.Nxf8 Bxd5 50.cxd5 Kg8
51.Ne6 Be7 52.Kc4 a6 53.Nc7 b5+ 54.Kd3 Kf7 55.Nxa6 Bd6 56.a4 bxa4 57.bxa4 h5
58.Kc4 hxg4 59.hxg4 Kf6 60.Nxc5 Ke5 61.a5 Kf4 62.a6 Bb8 63.d6  1-0

[Event "7th A Ermaka Memorial"]
[Site "Zaporizhzhia UKR"]
[Date "2011.06.29"]
[Round "6.2"]
[White "Zubarev,Al1"]
[Black "Matjushin,G"]
[Result "1-0"]
[WhiteElo "2600"]
[BlackElo "2477"]

1.e4 c5 2.Nf3 Nc6 3.Bb5 d6 4.Bxc6+ bxc6 5.O-O Bg4 6.h3 Bh5 7.c3 Nf6 8.Re1 e6
9.d4 cxd4 10.cxd4 Be7 11.Qa4 Qd7 12.e5 Nd5 13.exd6 Bxd6 14.Ne5 Bxe5 15.Rxe5 Bg6
16.Nc3 Rb8 17.Nxd5 cxd5 18.Qa3 f6 19.Re1 Kf7 20.Bf4 Rbc8 21.Bd6 a5 22.Bc5 Qb5
23.Re3 Rc6 24.Rc1 Rhc8 25.Rb3 Qa6 26.Rbc3 Qb5 27.Bf8 Kg8 28.Qe7 Bf7 29.Bxg7 Qxb2
30.Rxc6 Qxc1+ 31.Rxc1 Rxc1+ 32.Kh2 Kxg7 33.Qa3 Rc4 34.Qxa5 Rxd4 35.a4 e5
36.Qb5 Rd2 37.a5 Ra2 38.a6 d4 39.Kg3 Ra3+ 40.f3 Ra2 41.Kh2 Ra1 42.g4 Ra3
43.Kg2 Rb3 44.Qb7 d3 45.Kf2 d2 46.Ke2 Rd3 47.Kd1 e4 48.fxe4 Kg6 49.a7 Bb3+
50.Qxb3 Rxb3 51.a8=Q Rxh3 52.Qg8+ Kh6 53.Kxd2 Rf3 54.Ke2 Rf4 55.Ke3 Rf1 56.Qc4 Rg1
57.Kf4 Kg7 58.Kf5  1-0

[Event "TCh-TUR 2011"]
[Site "Konya TUR"]
[Date "2011.06.30"]
[Round "3"]
[White "Odeev,H"]
[Black "Ipatov,A ESP"]
[Result "0-1"]
[WhiteElo "2405"]
[BlackElo "2536"]

1.e4 c5 2.Nf3 Nc6 3.Bb5 d6 4.O-O Nf6 5.e5 Nd5 6.d4 Bg4 7.h3 Bh5 8.c4 Nc7
9.g4 Bg6 10.d5 a6 11.Ba4 b5 12.dxc6 bxa4 13.Nc3 e6 14.Bf4 d5 15.cxd5 Nxd5
16.Qxa4 Nb6 17.Qa5 Be7 18.Rfd1 Qc7 19.Na4 Qxc6 20.Nxb6 O-O 21.Ne1 Rad8 22.Na4 f5
23.exf6 Bxf6 24.Be3 Rb8 25.Rac1 Bd8 26.Rxd8 Rbxd8 27.Nxc5 Qd5 28.Qxa6 Rd6
29.Qc4 Qa8 30.b4 h5 31.a4 hxg4 32.hxg4 Bf7 33.Qe4 Qe8 34.a5 e5 35.Ned3 Qb5
36.Nxe5 Bd5 37.Qd4 Rdd8 38.Qc3 Qe8 39.Re1 Qe7  0-1

[Event "TCh-TUR 2011"]
[Site "Konya TUR"]
[Date "2011.06.30"]
[Round "3"]
[White "Coban,Met"]
[Black "Ciloglu,D"]
[Result "1-0"]
[WhiteElo "1922"]
[BlackElo "1770"]

1.e4 c5 2.Nf3 Nc6 3.Bb5 g6 4.O-O Bg7 5.Re1 Nf6 6.Bxc6 dxc6 7.h3 Nd7 8.c3 e5
9.d3 Qe7 10.Bg5 f6 11.Be3 O-O 12.d4 cxd4 13.cxd4 exd4 14.Bxd4 Ne5 15.Nbd2 Rd8
16.Qc2 Be6 17.Qc3 Bf7 18.Rad1 Qc7 19.Bxe5 fxe5 20.Nc4 Bxc4 21.Qxc4+ Qf7 22.Qxf7+ Kxf7
23.Ng5+ Ke7 24.Nxh7 Bh6 25.h4 Rh8 26.Ng5 Bxg5 27.hxg5 Rh5 28.f3 Rf8 29.Re3 Rd8
30.Rc1 Rd2 31.Rb3 Rd7 32.g3 Rh8 33.Rc2 Rd1+ 34.Kg2 Rhh1 35.Rxb7+ Kd6 36.f4 exf4
37.gxf4 Rhg1+ 38.Kf3 Rgf1+ 39.Rf2 Rxf2+ 40.Kxf2 a5 41.Ke2 Rg1 42.Kf2 Rc1
43.f5 gxf5 44.exf5 Rc5 45.Rf7 Rc2+ 46.Kf3 Rxb2 47.g6 Rb1 48.g7 Rg1 49.f6 Ke6
50.Rf8  1-0

[Event "6th Dvorkovich Cup"]
[Site "Moscow RUS"]
[Date "2011.06.30"]
[Round "8.1"]
[White "Lu Shanglei"]
[Black "Meribanov,V"]
[Result "1-0"]
[WhiteElo "2473"]
[BlackElo "2286"]

1.e4 c5 2.Nf3 Nc6 3.Bb5 g6 4.Bxc6 dxc6 5.d3 Bg7 6.h3 Nf6 7.Bd2 Nd7 8.Bc3 Bxc3+
9.Nxc3 e5 10.Qd2 Qe7 11.Qh6 f6 12.g4 Nf8 13.O-O-O Bd7 14.Nd2 Ne6 15.Ne2 Nd4
16.Nxd4 cxd4 17.f4 O-O-O 18.Rhf1 exf4 19.Rxf4 Rhf8 20.Rdf1 Rf7 21.R4f2 Be6
22.a3 Rdf8 23.Qf4 Qc5 24.Nf3 b6 25.Kb1 Kb7 26.b4 Qe7 27.Nxd4 c5 28.bxc5 bxc5
29.Nb5 Kc6 30.c4 Qd8 31.Qf3 a6 32.e5+ Kb6 33.Nd6 fxe5 34.Nxf7 Rxf7 35.Qe3 Rc7
36.Rb2+ Ka7 37.Ka1 Qd6 38.Re1  1-0

[Event "TCh-TUR 2011"]
[Site "Konya TUR"]
[Date "2011.07.01"]
[Round "4"]
[White "Tanrikulu,E"]
[Black "Duman,A"]
[Result "0-1"]
[WhiteElo "2264"]
[BlackElo "2188"]

1.e4 c5 2.Nf3 Nc6 3.Bb5 g6 4.c3 Nf6 5.e5 Nd5 6.d4 cxd4 7.Qb3 Nc7 8.cxd4 Nxb5
9.Qxb5 Bg7 10.Bf4 a6 11.Qe2 O-O 12.d5 Qa5+ 13.Nc3 Nb4 14.Qd2 e6 15.O-O Nxd5
16.Nxd5 Qxd5 17.Qb4 f6 18.Rfd1 Qb5 19.Qe7 fxe5 20.a4 Qxb2 21.Rab1 Qa2 22.Bxe5 Bxe5
23.Nxe5 Qxf2+ 24.Kh1 Qf6 25.Qd6 b5 26.h3 Bb7 27.Nxd7 Qf5 28.Rb3 Rad8 29.Rg3 Bd5
30.Rxd5 Qxd5 31.Qxd5 exd5 32.Nxf8 Kxf8 33.axb5 axb5 34.Rb3 Rb8 35.Kg1 Ke7
36.Kf2 Kd6 37.Ke3 Re8+ 38.Kd3 Kc5 39.Rc3+ Kb6 40.Kd4 Re2 41.g4 Rd2+ 42.Ke5 d4
43.Rc8 d3 44.Kd4 Rc2 45.Rb8+ Kc7 46.Rxb5 d2 47.Rb1 Rc1  0-1

[Event "Ladislava Kotana Mem"]
[Site "Kosice SVK"]
[Date "2011.07.01"]
[Round "8"]
[White "Manik,M"]
[Black "Odnorozhenko,E"]
[Result "1-0"]
[WhiteElo "2398"]
[BlackElo "2319"]

1.e4 c5 2.Nf3 Nc6 3.Bb5 d6 4.Bxc6+ bxc6 5.O-O e5 6.c3 f5 7.exf5 Bxf5 8.d4 cxd4
9.cxd4 e4 10.Qc2 Nf6 11.Bg5 Be7 12.Bxf6 Bxf6 13.Qxc6+ Kf8 14.Qd5 exf3 15.Qxf5 fxg2
16.Kxg2 Qb6 17.Nc3 Qxd4 18.Rfe1 g6 19.Qf3 Kg7 20.Rad1 Qh4 21.Rxd6 Rhf8 22.Rd7+ Kh8
23.Re4 Qg5+ 24.Qg4 Qxg4+ 25.Rxg4 Rab8 26.Nd5 Bxb2 27.Rxa7 Rbd8 28.Rf4 Rxf4
29.Nxf4 Rd2 30.Re7 Bf6 31.Re2 Rd4 32.Re8+ Kg7 33.Ne6+ Kf7 34.Nxd4 Kxe8 35.Ne6 Ke7
36.Nc5 Bd4 37.Ne4 h6 38.f4 Ke6 39.Kf3 Kd5 40.a4 Kc4 41.Nd6+ Kb4 42.Nf7 Bg7
43.Ke4 Kxa4 44.Ne5 Kb5 45.Kd5 g5 46.f5 h5 47.Ke6 g4 48.f6 Bf8 49.Kf5 Bd6
50.f7 Kc5 51.Ke6 h4 52.Nxg4 Bf8 53.Ne5 Kd4 54.Nd7 Ba3 55.Kf5  1-0

[Event "ch-BEL Open"]
[Site "Antwerp BEL"]
[Date "2011.07.02"]
[Round "1.1"]
[White "Van Bunderen,G"]
[Black "Zozulia,A"]
[Result "0-1"]
[WhiteElo "1833"]
[BlackElo "2381"]

1.e4 c5 2.Nf3 Nc6 3.Bb5 e6 4.O-O Nge7 5.d4 cxd4 6.Nxd4 Qb6 7.Bxc6 Nxc6 8.Nxc6 Qxc6
9.Qd3 b5 10.Re1 Bb7 11.f3 Rc8 12.c3 d5 13.exd5 Qxd5 14.Qxd5 Bxd5 15.Be3 a5
16.Nd2 Be7 17.Bd4 O-O 18.Nf1 Bc6 19.Ne3 Bd6 20.Rad1 Bc7 21.Ng4 Rfd8 22.Bf2 h5
23.Ne3 f6 24.c4 Kf7 25.b3 Be5 26.cxb5 Bxb5 27.Rxd8 Rxd8 28.Rd1 Rc8 29.Be1 a4
30.bxa4 Bxa4 31.Rb1 g5 32.Kh1 f5 33.Bd2 f4 34.Nf1 Rc2 35.Re1 Kf6 36.a3 g4
37.Bb4 Bc6 38.Nd2 Kf5 39.Ne4 gxf3 40.gxf3 Bxe4 41.fxe4+ Kg4 42.Rf1 f3 43.h3+ Kf4
44.Be7 Kxe4 45.a4 Bg3 46.a5 Rh2+ 47.Kg1 f2+  0-1

[Event "38th ch-IND w Challengers"]
[Site "Chennai IND"]
[Date "2011.07.02"]
[Round "1"]
[White "Akshaya,A"]
[Black "Tasneem,S K"]
[Result "1-0"]
[WhiteElo "1966"]
[BlackElo "1612"]

1.e4 c5 2.Nf3 Nc6 3.Bb5 e6 4.O-O a6 5.Bxc6 bxc6 6.Re1 d5 7.e5 Ne7 8.d3 Ng6
9.Nc3 Be7 10.b3 f6 11.Bb2 O-O 12.Na4 fxe5 13.Nxe5 Nxe5 14.Bxe5 Rf5 15.f4 Bd6
16.Qd2 Qc7 17.Qe3 d4 18.Qe4 Bd7 19.g4 Rf7 20.Nxc5 Bxe5 21.Qxe5 Qd8 22.Nxd7 Qxd7
23.Re4 Rd8 24.Rf1 Re7 25.Rfe1 Qd6 26.f5 Qxe5 27.Rxe5 Rd6 28.fxe6 g6 29.Kg2 Kg7
30.R1e4 h6 31.h4 Kf8 32.Kf2 Ke8 33.h5 gxh5 34.gxh5 Rg7 35.a4 Re7 36.Kf3 Rg7
37.Rg4 Re7 38.Rg8+  1-0

[Event "Nova College Chess Tournament"]
[Site "Haarlem NED"]
[Date "2011.07.02"]
[Round "3"]
[White "Van den Doel,E"]
[Black "Van Oosterom,C"]
[Result "1-0"]
[WhiteElo "2574"]
[BlackElo "2408"]

1.e4 c5 2.Nf3 Nc6 3.Bb5 Nf6 4.Nc3 g6 5.e5 Ng4 6.Bxc6 dxc6 7.h3 Nh6 8.g4 Bg7
9.d3 O-O 10.Bf4 f5 11.g5 Nf7 12.Qe2 Be6 13.O-O-O Qa5 14.h4 b5 15.h5 b4 16.Nb1 Qxa2
17.Nh4 Rfe8 18.hxg6 hxg6 19.Nxg6 Nd6 20.Be3 c4 21.Nf4 Bxe5 22.Qh5 Qxb2+ 23.Kd2 Bxf4
24.Bxf4 Qg7 25.g6 cxd3 26.cxd3 Rad8 27.Ke1 Bd5 28.Rh3 e5 29.Bh6 Qf6 30.Bg5 Qg7
31.Bxd8 Rxd8 32.Qg5 Rf8 33.Rh7 Qf6 34.Qh6 e4 35.Rxa7  1-0

[Event "5th Varna Open"]
[Site "Golden Sands BUL"]
[Date "2011.07.03"]
[Round "1.13"]
[White "Badev,K"]
[Black "Imanly,Magrura Mahammad qizi"]
[Result "1-0"]
[WhiteElo "2332"]
[BlackElo "1600"]

1.e4 c5 2.Nf3 Nc6 3.Bb5 e6 4.O-O Be7 5.Re1 Nf6 6.e5 Nd5 7.Nc3 Nxc3 8.dxc3 a6
9.Bxc6 bxc6 10.Nd2 d5 11.exd6 Qxd6 12.Qg4 g6 13.Nc4 Qc7 14.Bf4 e5 15.Bxe5 Qxe5
16.Qxc8+ Rxc8 17.Rxe5 Kf8 18.Rae1 Rc7 19.g3 f6 20.Re6 Kf7 21.Na5 f5 22.Rxc6 Rxc6
23.Nxc6 Bf6 24.Ne5+ Kg7 25.Nd7 Rc8 26.Re6 Bg5 27.Rxa6 Bc1 28.Ra7 Re8 29.Nxc5+ Kh6
30.Nd3 Bg5 31.h4 Bf6 32.Kf1 Rb8 33.a4 f4 34.Rf7 Rb6 35.a5 Rc6 36.Nxf4 Bd8
37.Ra7 Bc7 38.Nd5 Be5 39.Ne3 Bc7 40.c4  1-0

[Event "Nova College Chess Tournament"]
[Site "Haarlem NED"]
[Date "2011.07.03"]
[Round "5"]
[White "Sadler,M"]
[Black "Ikonnikov,Vy"]
[Result "1/2-1/2"]
[WhiteElo "2625"]
[BlackElo "2553"]

1.e4 c5 2.Nf3 Nc6 3.Bb5 g6 4.Bxc6 dxc6 5.h3 Bg7 6.d3 b6 7.a4 Nh6 8.O-O f6
9.a5 Rb8 10.Be3 Nf7 11.Nfd2 f5 12.Nc3 O-O 13.exf5 gxf5 14.Qe2 Qc7 15.f4 Be6
16.Nd1 Qd6 17.axb6 axb6 18.Ra6 Bd5 19.c4 Be6 20.Nf3 Bc8 21.Ra7 Nd8 22.Bd2 Ne6
23.Re1 Bf6 24.Ne5 Nd4 25.Qh5 Be6 26.Nf2 Ra8 27.Rxa8 Rxa8 28.Re3 Kh8 29.Nh1 Rg8
30.Qd1 b5 31.b3 Qb8 32.Kh2 Rg7 33.Ng3 Qg8 34.Be1 b4 35.Bf2 Bh4 36.Qh5 Bf6
37.Qd1 Bh4 38.Qh5 Bf6 39.Qd1 Bh4  1/2-1/2

[Event "1st ch-CHN Rapid Prelim"]
[Site "Hefei CHN"]
[Date "2011.07.03"]
[Round "1"]
[White "Yu Yangyi"]
[Black "Fang Yan"]
[Result "1-0"]
[WhiteElo "2672"]
[BlackElo "2265"]

1.e4 c5 2.Nf3 Nc6 3.Bb5 g6 4.Bxc6 bxc6 5.O-O Bg7 6.c3 e5 7.Na3 Ne7 8.d4 cxd4
9.cxd4 exd4 10.Nxd4 O-O 11.Re1 h6 12.Bf4 d5 13.e5 c5 14.Nb3 Qb6 15.Qc1 c4
16.Be3 Qb8 17.Bc5 Re8 18.Nd4 Nf5 19.f4 Qc7 20.b4 Nxd4 21.Bxd4 Bd7 22.Qc3 Rab8
23.Nc2 Bf5 24.Ne3 Be4 25.Rad1 Bf8 26.Ng4 Re6 27.Rf1 h5 28.Nf6+ Rxf6 29.exf6 Bxb4
30.Qc1 Bc5 31.Qc3 Bxd4+ 32.Qxd4 Qb6 33.Kf2 Qa5 34.Rfe1 c3 35.Re2 c2 36.Rc1 Rb4
37.Qe5 Qb6+ 38.Kg3 Qe6 39.Qg5 Rc4 40.h3 Rc3+ 41.Kh2 Qf5 42.Qxf5 gxf5 43.Rd2 Rc6
44.Kg3 Rxf6 45.Rcxc2 Bxc2 46.Rxc2 Rd6 47.Kf2 d4 48.Rc5 Ra6 49.Rxf5 Rxa2+
50.Kf3 h4 51.Rg5+ Kf8 52.Ke4 Rd2 53.Rg4 Ke7 54.Rxh4 Rxg2 55.Rh6 Ra2 56.Kxd4 a5
57.Ra6 Rh2 58.Ke5 Rxh3 59.Rxa5 f6+ 60.Ke4 Rb3 61.Kf5 Rb7 62.Kg6 Rb6 63.Ra7+ Kf8
64.Ra8+ Ke7 65.f5 Rb1 66.Ra7+ Kf8 67.Ra8+ Ke7 68.Ra7+ Kf8 69.Ra6 Rb7 70.Ra8+ Ke7
71.Kg7 Rc7 72.Rf8 Rc6 73.Rf7+ Ke8 74.Rxf6 Rc7+ 75.Kg8 Rc5 76.Rf8+ Ke7 77.Kg7 Rc1
78.f6+ Kd7 79.Ra8 Rg1+ 80.Kf8 Rf1 81.f7 Rg1 82.Ra7+ Kd8 83.Ra2 Kd7 84.Rd2+ Kc7
85.Rd4 Rg2 86.Ke7 Re2+ 87.Kf6 Rf2+ 88.Kg6 Kc8  1-0

[Event "1st ch-CHN Rapid Men Prelim"]
[Site "Hefei CHN"]
[Date "2011.07.03"]
[Round "1.8"]
[White "Xu,Yi"]
[Black "Zhao Jun"]
[Result "0-1"]
[WhiteElo "2110"]
[BlackElo "2588"]

1.e4 c5 2.Nf3 Nc6 3.Bb5 Nf6 4.e5 Nd5 5.O-O Nc7 6.Bxc6 dxc6 7.Nc3 h6 8.Ne4 b6
9.d3 g5 10.Qe2 Bf5 11.c3 Ne6 12.Rd1 Qd5 13.Ng3 Bg4 14.h3 Bxf3 15.Qxf3 Qxf3
16.gxf3 Rd8 17.Be3 Bg7 18.d4 cxd4 19.cxd4 f6 20.Rac1 fxe5 21.Rxc6 exd4 22.Rxe6 dxe3
23.Rxd8+ Kxd8 24.b3 exf2+ 25.Kxf2 Bf6 26.Nf5 h5 27.Re2 Kd7 28.Rd2+ Ke6 29.Nd4+ Bxd4+
30.Rxd4 Rc8 31.Ra4 a5 32.h4 gxh4 33.Rxh4 Rc2+ 34.Ke3 Rxa2 35.Rxh5 Kd6 36.Kd4 Rf2
37.Rf5 Rf1 38.Kc4 Kc6 39.Rh5 Rxf3 40.Re5 b5+ 41.Kd4 Rxb3 42.Rxe7 Rb4+ 43.Kc3 Rc4+
44.Kb3 Rh4 45.Re6+ Kd5 46.Ra6 a4+ 47.Ka3 Kc5 48.Rg6 Rh3+ 49.Kb2 Kb4 50.Rg4+ Ka5
51.Rg8 Rh2+ 52.Kb1 a3 53.Rg4 b4 54.Rg8 b3 55.Ra8+ Kb4 56.Rb8+ Kc4 57.Rc8+ Kd5
58.Rd8+ Kc6 59.Rd1 Kc5 60.Rg1 Rh4 61.Rg5+ Kb4 62.Rg1 a2+  0-1

[Event "10th La Fere Open"]
[Site "La Fere FRA"]
[Date "2011.07.03"]
[Round "2.2"]
[White "Lobzhanidze,D"]
[Black "Llaneza Vega,P"]
[Result "1-0"]
[WhiteElo "2483"]
[BlackElo "2246"]

1.e4 c5 2.Nf3 Nc6 3.Bb5 Nf6 4.Nc3 Qc7 5.d3 Nd4 6.Ba4 a6 7.Nxd4 cxd4 8.Ne2 b5
9.Bb3 e5 10.O-O Be7 11.f4 d6 12.Ng3 O-O 13.Bd2 Be6 14.fxe5 dxe5 15.Nf5 a5
16.a4 b4 17.Nxe7+ Qxe7 18.Bg5 Rac8 19.Rf2 Bxb3 20.Bxf6 gxf6 21.cxb3 Rc6 22.Rc1 Qe6
23.Rc4 Kh8 24.Qh5 Rg8 25.Rxc6 Qxc6 26.Qxf7 Qc1+ 27.Rf1 Qe3+ 28.Kh1 Qxd3 29.Qxf6+ Rg7
30.Rc1 h5 31.Qh6+ Kg8 32.Rc8+  1-0